[Event "FRA Team Ch"]
[Site "Mulhouse"]
[Date "2001.03.30"]
[Round "5.6"]
[White "Skripchenko-Lautier, Almira"]
[Black "Marzolo, Cyril"]
[Result "0-1"]
[WhiteElo "2450"]
[BlackElo "2378"]
[Annotator "Noyon - Mulhouse"]
[PlyCount "46"]
[EventDate "2001.03.??"]

1. e4 e6 2. d3 d5 3. Qe2 dxe4 4. dxe4 e5 5. Nf3 Nc6 6. c3 Nf6 7. Qc2 Bd6 8. Be2
O-O 9. Bg5 h6 10. Bh4 Qe7 11. Nbd2 Nd8 12. Nc4 b5 13. Nxd6 cxd6 14. Bxb5 g5 15.
Bg3 Rb8 16. Bd3 Ne6 17. Nd2 Nh5 18. Bc4 Kh8 19. f3 Nef4 20. Nf1 f5 21. Ne3 d5
22. Bxd5 Rxb2 23. Qa4 Re2+ 0-1

[Event "FRA Team Ch"]
[Site "Mulhouse"]
[Date "2001.03.30"]
[Round "5.8"]
[White "Carton, Camille"]
[Black "Libiszewski, Fabien"]
[Result "1/2-1/2"]
[WhiteElo "2234"]
[BlackElo "2255"]
[Annotator "Noyon - Mulhouse"]
[PlyCount "65"]
[EventDate "2001.03.??"]

1. e4 e6 2. d4 d5 3. Nc3 Nf6 4. Bg5 Bb4 5. e5 h6 6. Bd2 Bxc3 7. bxc3 Ne4 8. Bd3
Nxd2 9. Qxd2 c5 10. Nf3 Qa5 11. h4 g6 12. Rh3 Bd7 13. Rg3 Nc6 14. Rg4 cxd4 15.
cxd4 Nb4 16. Kf1 Qa3 17. Rb1 Nxd3 18. cxd3 b6 19. Rc1 Rc8 20. Rxc8+ Bxc8 21.
Ne1 Bd7 22. h5 gxh5 23. Rf4 Ke7 24. Rf6 Rc8 25. Rxh6 Be8 26. f4 Qc3 27. Qe3 Qc1
28. Qf2 Bb5 29. Kg1 Bxd3 30. Rxh5 Kd7 31. Kh2 Bf5 32. Rh4 Qd1 33. Qe3 1/2-1/2

[Event "FRA Team Ch"]
[Site "Mulhouse"]
[Date "2001.03.30"]
[Round "5.9"]
[White "Muller, Anne"]
[Black "Wolfangel, Florence"]
[Result "1-0"]
[WhiteElo "2208"]
[BlackElo "1870"]
[Annotator "Mulhouse - Noyon"]
[PlyCount "77"]
[EventDate "2001.03.??"]

1. e4 e6 2. d4 d5 3. Nd2 Nf6 4. e5 Nfd7 5. Bd3 c5 6. c3 Nc6 7. Ne2 cxd4 8. cxd4
f6 9. exf6 Qxf6 10. Nf3 h6 11. O-O Bd6 12. Bb1 O-O 13. Ng3 Ne7 14. Qd3 Nf5 15.
Nh5 Qf7 16. Nf4 g5 17. Ne2 e5 18. dxe5 Nxe5 19. Nxe5 Bxe5 20. f4 Nd6 21. Nd4
gxf4 22. Bxf4 Bxf4 23. Rxf4 Qg7 24. Rxf8+ Kxf8 25. Bc2 Bh3 26. Rf1+ Kg8 27.
Qxh3 Qxd4+ 28. Kh1 Nf7 29. Qe6 Rf8 30. Bg6 Qg7 31. Bxf7+ Rxf7 32. Qxd5 a6 33.
Kg1 Qg6 34. Qxf7+ Qxf7 35. Rxf7 Kxf7 36. Kf2 Ke6 37. Ke3 Ke5 38. g3 b6 39. h3
1-0

[Event "FRA Team Ch"]
[Site "Mulhouse"]
[Date "2001.03.30"]
[Round "5.1"]
[White "Kallai, Gabor"]
[Black "Winants, Luc"]
[Result "1/2-1/2"]
[WhiteElo "2543"]
[BlackElo "2515"]
[Annotator "Strasbourg- Cappelle"]
[PlyCount "72"]
[EventDate "2001.03.??"]

1. d4 Nf6 2. Nf3 e6 3. c4 Bb4+ 4. Bd2 a5 5. g3 d6 6. Bg2 Nbd7 7. Nc3 e5 8. Qc2
exd4 9. Nxd4 Nb6 10. O-O O-O 11. Rad1 c6 12. Ne4 Bxd2 13. Rxd2 Qe7 14. Nxf6+
Qxf6 15. Qb3 Qg5 16. Qc3 Nxc4 17. Rc2 Nb6 18. e4 d5 19. Qb3 Qd8 20. Rd1 dxe4
21. Bxe4 h6 22. h4 Be6 23. Qe3 Nd5 24. Qd2 Bg4 25. f3 Bd7 26. Bxd5 cxd5 27. Rc5
Be6 28. Kh2 a4 29. Rdc1 a3 30. b3 Qf6 31. Qf4 Qg6 32. Rc7 b6 33. R1c6 Rae8 34.
g4 Qb1 35. Rc1 Qd3 36. R1c3 Qa6 1/2-1/2

[Event "FRA Team Ch"]
[Site "Mulhouse"]
[Date "2001.03.30"]
[Round "5.2"]
[White "Degraeve, Jean-Marc"]
[Black "Maier, Christian"]
[Result "1-0"]
[WhiteElo "2589"]
[BlackElo "2373"]
[Annotator "Cappelle - Strasbourg"]
[PlyCount "49"]
[EventDate "2001.03.??"]

1. e4 e6 2. d4 d5 3. Nc3 Bb4 4. Nge2 Ne7 5. a3 Ba5 6. b4 Bb6 7. e5 a5 8. Na4
Ba7 9. c3 Bd7 10. Ng3 Nf5 11. Nxf5 exf5 12. Nc5 b6 13. Nxd7 Qxd7 14. b5 O-O 15.
Bd3 c6 16. a4 f6 17. f4 Qe6 18. O-O g6 19. Qb3 cxb5 20. axb5 Rc8 21. Ra4 fxe5
22. fxe5 Nd7 23. c4 Bb8 24. cxd5 Qf7 25. e6 1-0

[Event "FRA Team Ch"]
[Site "Mulhouse"]
[Date "2001.03.30"]
[Round "5.3"]
[White "Roos, Daniel"]
[Black "Chuchelov, Vladimir"]
[Result "0-1"]
[WhiteElo "2404"]
[BlackElo "2539"]
[Annotator "Strasbourg - Cappelle"]
[PlyCount "92"]
[EventDate "2001.03.??"]

1. Nf3 Nf6 2. g3 d5 3. Bg2 c6 4. d3 Bg4 5. Nbd2 Nbd7 6. O-O e6 7. h3 Bh5 8. e4
Be7 9. Qe2 O-O 10. e5 Ne8 11. b3 Nxe5 12. Qxe5 Bxf3 13. Nxf3 Bf6 14. Qe1 Bxa1
15. c3 Qa5 16. Bd2 Bb2 17. a4 Ba3 18. Ne5 Qc7 19. b4 a5 20. d4 axb4 21. cxb4
Rxa4 22. Nd3 Nd6 23. Bf3 Nb5 24. Bd1 Raa8 25. Be3 Rfe8 26. Bc2 Qe7 27. Qb1 Nd6
28. Bd2 Ne4 29. Be1 b6 30. f3 Nf6 31. Ne5 c5 32. dxc5 bxc5 33. b5 c4 34. Kg2
Bc5 35. Bd2 h6 36. g4 Nd7 37. Nc6 Qd6 38. f4 d4 39. Bh7+ Kh8 40. Be4 f5 41.
gxf5 exf5 42. Ne5 Rxe5 43. Bxa8 Re2+ 44. Rf2 Qg6+ 45. Kf1 d3 46. Rg2 Qh5 0-1

[Event "FRA Team Ch"]
[Site "Mulhouse"]
[Date "2001.03.30"]
[Round "5.4"]
[White "Jossien, Arnaud"]
[Black "Szabolcsi, Janos"]
[Result "0-1"]
[WhiteElo "2319"]
[BlackElo "2410"]
[Annotator "Cappelle - Strasbourg"]
[PlyCount "118"]
[EventDate "2001.03.??"]

1. e4 c5 2. Nf3 e6 3. d3 Nc6 4. g3 g6 5. d4 cxd4 6. Nxd4 a6 7. Bg2 Bg7 8. Nxc6
bxc6 9. c4 Qa5+ 10. Bd2 Qc5 11. Qb3 a5 12. Nc3 Ba6 13. Na4 Qa7 14. O-O Rb8 15.
Qc2 Ne7 16. Rfe1 O-O 17. Bg5 d6 18. Rad1 Qc7 19. b3 c5 20. Qd2 Rbd8 21. Bf4 Bd4
22. Bh6 Rfe8 23. Qf4 Bh8 24. Re3 Bb7 25. Red3 Be5 26. Qh4 Nc6 27. Bg5 Ra8 28.
f4 Bg7 29. Rxd6 Nd4 30. e5 Bxg2 31. R6xd4 cxd4 32. Kxg2 Qc6+ 33. Kf2 Qe4 34.
Qg4 h6 35. Re1 Qc2+ 36. Re2 Qd1 37. Nb2 Qh1 38. Bh4 Qxh2+ 39. Kf1 Qh1+ 40. Kf2
Qb1 41. Na4 Bf8 42. Rd2 Bb4 43. Qd1 Qf5 44. Rxd4 g5 45. g4 Qg6 46. Bg3 Be7 47.
Qd3 Rad8 48. Qxg6+ fxg6 49. Rxd8 Rxd8 50. Ke3 h5 51. Nb2 h4 52. Bh2 Bc5+ 53.
Ke2 gxf4 54. Bxf4 Bg1 55. Kf1 Bd4 56. Nd3 h3 57. Bh2 Bg1 58. Bxg1 Rxd3 59. Bb6
Rd1+ 0-1

[Event "FRA Team Ch"]
[Site "Mulhouse"]
[Date "2001.03.30"]
[Round "5.5"]
[White "Werner, Clemens"]
[Black "Carlier, Bruno"]
[Result "1/2-1/2"]
[WhiteElo "2347"]
[BlackElo "2392"]
[Annotator "Strasbourg - Cappelle"]
[PlyCount "74"]
[EventDate "2001.03.??"]

1. e4 g6 2. d4 Bg7 3. c3 d6 4. f4 Nf6 5. Bd3 O-O 6. Nf3 c5 7. dxc5 Nbd7 8. cxd6
exd6 9. O-O Re8 10. Be3 Nxe4 11. Re1 Ndf6 12. Nbd2 d5 13. Qc2 Bf5 14. Rad1 Qc7
15. Ne5 Ng4 16. Nxg4 Bxg4 17. Ra1 Nd6 18. Bf2 Nc4 19. g3 Rac8 20. Nb3 b6 21.
Bd4 Qd7 22. Qf2 Bxd4 23. Nxd4 Rxe1+ 24. Rxe1 Re8 25. Rxe8+ Qxe8 26. b3 Nd6 27.
Kg2 Bd7 28. Qe2 Ne4 29. c4 Nf6 30. Qxe8+ Bxe8 31. cxd5 Nxd5 32. Kf2 Kf8 33. a3
Ke7 34. Nb5 a5 35. Be2 f6 36. Bc4 Bxb5 37. Bxb5 Kd6 1/2-1/2

[Event "FRA Team Ch"]
[Site "Mulhouse"]
[Date "2001.03.30"]
[Round "5.6"]
[White "Cappon, John"]
[Black "Roos, Louis"]
[Result "0-1"]
[WhiteElo "2188"]
[BlackElo "2381"]
[Annotator "Cappelle - Strasbourg"]
[PlyCount "84"]
[EventDate "2001.03.??"]

1. e4 e6 2. d4 d5 3. e5 c5 4. c3 Nc6 5. Nf3 Qb6 6. a3 a5 7. Bd3 Bd7 8. Bc2 Nh6
9. O-O Rc8 10. dxc5 Bxc5 11. h3 Qc7 12. b4 Be7 13. Ba4 Nf5 14. Re1 h5 15. Bc2
Nh4 16. Nxh4 Bxh4 17. b5 Nxe5 18. Bf4 f6 19. Qd4 Qc4 20. Bxe5 fxe5 21. Qxe5 Qc5
22. Bg6+ Kd8 23. Qf4 Bf6 24. a4 h4 25. Ra2 Qc4 26. Qxc4 Rxc4 27. Bd3 Rf4 28.
Rc1 Ke7 29. Nd2 Rc8 30. c4 Bd4 31. Nf3 dxc4 32. Rxc4 Rxc4 33. Bxc4 Bxf2+ 34.
Rxf2 Rxc4 35. Ne5 Rc1+ 36. Kh2 Be8 37. Rf4 g5 38. Rd4 Rb1 39. Rg4 Kf6 40. Nd3
Bh5 41. Rd4 Rd1 42. Rd7 Be8 0-1

[Event "FRA Team Ch"]
[Site "Mulhouse"]
[Date "2001.03.30"]
[Round "5.7"]
[White "Mensch, Etienne"]
[Black "Marchyllie, Bruno"]
[Result "1-0"]
[WhiteElo "2313"]
[BlackElo "2182"]
[Annotator "Strasbourg - Cappelle"]
[PlyCount "127"]
[EventDate "2001.03.??"]

1. d4 d5 2. c4 c6 3. Nf3 Nf6 4. Nc3 dxc4 5. a4 Bf5 6. Ne5 e6 7. g3 Bb4 8. Bg2
Be4 9. f3 Nd5 10. Bd2 Bg6 11. e4 Ne7 12. Be3 b5 13. O-O Nd7 14. Qe2 a6 15. f4
O-O 16. g4 f6 17. Nxg6 hxg6 18. h4 Bxc3 19. bxc3 Nb6 20. axb5 cxb5 21. h5 Na4
22. Rac1 Rb8 23. hxg6 Nxg6 24. f5 exf5 25. gxf5 Ne7 26. Rf3 Rf7 27. Rh3 Kf8 28.
Bf3 Ng8 29. Rh8 Qc7 30. Qg2 a5 31. Bh5 b4 32. Bxf7 Qxf7 33. Bf4 Rd8 34. Qa2
Nxc3 35. Qxa5 Qe7 36. Rxc3 bxc3 37. Qxc3 Qxe4 38. Qb4+ Kf7 39. Qxc4+ Qd5 40.
Qc7+ Rd7 41. Qb8 Qxd4+ 42. Kg2 Qe4+ 43. Kf2 Qc2+ 44. Kf3 Qd3+ 45. Kf2 Rd8 46.
Qc7+ Qd7 47. Qc4+ Qd5 48. Qc7+ Kf8 49. Rh7 Qd7 50. Bd6+ Ke8 51. Rxg7 Qxc7 52.
Bxc7 Ne7 53. Bxd8 Kxd8 54. Rf7 Nxf5 55. Rxf6 Ne7 56. Kf3 Kd7 57. Ke4 Nc6 58.
Kd5 Ne7+ 59. Kc5 Nc8 60. Rc6 Na7 61. Rd6+ Ke7 62. Rh6 Nc8 63. Kc6 Kf7 64. Kd7
1-0

[Event "FRA Team Ch"]
[Site "Mulhouse"]
[Date "2001.03.30"]
[Round "5.8"]
[White "Hareux, Hubert"]
[Black "Roos, Jean-Luc"]
[Result "0-1"]
[WhiteElo "2211"]
[BlackElo "2264"]
[Annotator "Cappelle - Strasbourg"]
[PlyCount "94"]
[EventDate "2001.03.??"]

1. d4 e6 2. Nf3 Nf6 3. c4 b6 4. a3 Bb7 5. Nc3 d5 6. cxd5 exd5 7. g3 Bd6 8. Bg2
O-O 9. O-O Re8 10. Bg5 h6 11. Bxf6 Qxf6 12. Nb5 Nd7 13. e3 c6 14. Nxd6 Qxd6 15.
Rc1 a5 16. Ne1 a4 17. Nd3 Ba6 18. Re1 f5 19. Rc3 Bc4 20. f4 Nf6 21. Ne5 b5 22.
Kh1 Rad8 23. Rg1 c5 24. Rc1 Ne4 25. Bxe4 fxe4 26. g4 cxd4 27. Qxd4 Be2 28. Rg2
Bf3 29. Nxf3 exf3 30. Rf2 Re4 31. Qd3 Qe6 32. Rxf3 Qxg4 33. Rg3 Qd7 34. Rcg1
Re7 35. Rg6 d4 36. exd4 Qd5+ 37. R6g2 Rf8 38. Rf1 Re4 39. Qg3 Rf7 40. h3 Rxd4
41. Kh2 Rd3 42. Qe1 Qd7 43. Rg3 Rd4 44. Qe3 Re7 45. Qg1 Re2+ 46. Kh1 Rd3 47.
Rf2 Qd5+ 0-1

[Event "FRA Team Ch"]
[Site "Mulhouse"]
[Date "2001.03.30"]
[Round "5.9"]
[White "Chapelle, Emilie"]
[Black "Husson, Cybele"]
[Result "0-1"]
[WhiteElo "2060"]
[BlackElo "2036"]
[Annotator "Strasbourg - Cappelle"]
[PlyCount "42"]
[EventDate "2001.03.??"]

1. d4 Nf6 2. c4 c5 3. d5 e6 4. Nc3 exd5 5. cxd5 Bd6 6. e4 O-O 7. Be2 Re8 8. Qc2
Bc7 9. Be3 d6 10. h3 a6 11. a4 Nbd7 12. Nf3 Ba5 13. Nd2 Ne5 14. f4 Ng6 15. g4
Bxc3 16. bxc3 Nxd5 17. exd5 Rxe3 18. Kf2 Re8 19. f5 Qh4+ 20. Kf1 Nf4 21. Bf3
Re3 0-1

[Event "FRA Team Ch"]
[Site "Mulhouse"]
[Date "2001.03.30"]
[Round "5.1"]
[White "Schlosser, Philipp"]
[Black "Bologan, Viktor"]
[Result "0-1"]
[WhiteElo "2511"]
[BlackElo "2684"]
[Annotator "Bischwiller - Gonfreville"]
[PlyCount "88"]
[EventDate "2001.03.??"]

1. Nf3 d6 2. d4 g6 3. e4 Bg7 4. Bc4 Nf6 5. Qe2 O-O 6. O-O Bg4 7. e5 dxe5 8.
dxe5 Nd5 9. Nbd2 Nb6 10. Bb3 Nc6 11. e6 f5 12. c3 Na5 13. Bc2 Qd5 14. h3 Bh5
15. Rd1 Qc6 16. Nb3 Nxb3 17. Bxb3 Bxf3 18. gxf3 f4 19. a4 a5 20. Qe4 Rf5 21.
Bc2 Raf8 22. Qxc6 Rg5+ 23. Kf1 bxc6 24. Ra3 c5 25. Re1 c4 26. Re4 Be5 27. b4
Bd6 28. Bd2 Rd5 29. Be1 Rh5 30. Ra1 Rff5 31. Kg2 Rfg5+ 32. Kh2 Rh4 33. Bd2 Rgh5
34. Kg2 Rxh3 35. Bxf4 Bxf4 36. Rxf4 Rh2+ 37. Kg3 R5h3+ 38. Kg4 Rh4+ 39. Kg3
R2h3+ 40. Kg2 Rxf4 41. Kxh3 Rxf3+ 42. Kg2 Rxc3 43. Be4 axb4 44. a5 Nc8 0-1

[Event "FRA Team Ch"]
[Site "Mulhouse"]
[Date "2001.03.30"]
[Round "5.2"]
[White "Gurevich, Mikhail"]
[Black "Ivanov, Mikhail M"]
[Result "1-0"]
[WhiteElo "2694"]
[BlackElo "2454"]
[Annotator "Gonfreville - Bischwiller"]
[PlyCount "77"]
[EventDate "2001.03.??"]

1. d4 Nf6 2. c4 c5 3. d5 b5 4. cxb5 a6 5. bxa6 g6 6. Nc3 Bxa6 7. e4 Bxf1 8.
Kxf1 d6 9. g3 Bg7 10. Kg2 O-O 11. Nf3 Nbd7 12. Re1 Qa5 13. e5 Ng4 14. exd6 exd6
15. Bf4 Rfb8 16. Re2 Qa6 17. Rc1 Nge5 18. Nxe5 Nxe5 19. Bxe5 Bxe5 20. b3 Rb4
21. Rd2 Rd4 22. Rcc2 Qa5 23. Ne2 Rb4 24. Ng1 Qa6 25. Nf3 Bg7 26. Qe2 Qb7 27.
Rd3 Bh6 28. Nd2 Qd7 29. Nc4 Re8 30. Qf3 f5 31. Re2 Rbb8 32. Re6 Rxe6 33. dxe6
Qxe6 34. Rxd6 Qe4 35. Qxe4 fxe4 36. Re6 Ra8 37. a4 Rb8 38. a5 Rxb3 39. a6 1-0

[Event "FRA Team Ch"]
[Site "Mulhouse"]
[Date "2001.03.30"]
[Round "5.3"]
[White "Galdunts, Sergei"]
[Black "Rausis, Igor"]
[Result "0-1"]
[WhiteElo "2510"]
[BlackElo "2525"]
[Annotator "Bischwiller - Gonfreville"]
[PlyCount "70"]
[EventDate "2001.03.??"]

1. e4 c6 2. d3 d5 3. Nd2 g6 4. g3 Bg7 5. Bg2 dxe4 6. dxe4 b6 7. Ne2 Nf6 8. O-O
O-O 9. f4 Ng4 10. Nf3 Ba6 11. Qe1 b5 12. e5 Qb6+ 13. Kh1 Nd7 14. h3 Nh6 15.
Nfd4 Bb7 16. Be3 c5 17. Nf3 f6 18. Rd1 Rad8 19. exf6 exf6 20. Nc3 Nf5 21. g4
Nxe3 22. Qxe3 Rfe8 23. Qf2 Nf8 24. f5 Bh6 25. Rxd8 Rxd8 26. Re1 Bc6 27. Qh4 Bg7
28. g5 fxg5 29. Qxg5 b4 30. Ne4 Bxe4 31. Rxe4 Qf6 32. Qxf6 Bxf6 33. Rc4 Rd1+
34. Kh2 gxf5 35. Rxc5 Be7 0-1

[Event "FRA Team Ch"]
[Site "Mulhouse"]
[Date "2001.03.30"]
[Round "5.4"]
[White "Eliet, Nicolas"]
[Black "Arnold, Lothar"]
[Result "1/2-1/2"]
[WhiteElo "2398"]
[BlackElo "2431"]
[Annotator "Gonfreville - Bischwiller"]
[PlyCount "62"]
[EventDate "2001.03.??"]

1. d4 d5 2. c4 dxc4 3. Nf3 c5 4. e3 e6 5. Bxc4 Nf6 6. O-O a6 7. Bb3 Nc6 8. Qe2
cxd4 9. Rd1 Be7 10. Nxd4 Nxd4 11. Rxd4 Qc7 12. Nc3 O-O 13. e4 b5 14. e5 Nd7 15.
Bf4 Bb7 16. Qg4 Nc5 17. Rad1 Rfd8 18. Bc2 Rxd4 19. Rxd4 Rd8 20. Rxd8+ Qxd8 21.
Qh3 g6 22. a3 Qc7 23. Qg3 Qd8 24. Qe3 Qd7 25. f3 a5 26. Qd2 b4 27. Qxd7 Nxd7
28. axb4 axb4 29. Na2 Bd5 30. b3 Nc5 31. Nxb4 Bxb3 1/2-1/2

[Event "FRA Team Ch"]
[Site "Mulhouse"]
[Date "2001.03.30"]
[Round "5.5"]
[White "Mohebbi, Jaffar"]
[Black "Beikert, Guenther"]
[Result "1/2-1/2"]
[WhiteElo "2318"]
[BlackElo "2443"]
[Annotator "Bischwiller - Gonfreville"]
[PlyCount "108"]
[EventDate "2001.03.??"]

1. d4 d5 2. c4 c6 3. Nc3 Nf6 4. Nf3 e6 5. Bg5 h6 6. Bh4 dxc4 7. e4 g5 8. Bg3 b5
9. Be2 Nbd7 10. h4 b4 11. hxg5 bxc3 12. gxf6 cxb2 13. Rb1 Qa5+ 14. Kf1 c3 15.
Qb3 Rg8 16. Be5 Qa3 17. Qc2 Qxa2 18. Rh3 Ba6 19. Bxa6 Qxa6+ 20. Kg1 Qa2 21. d5
cxd5 22. exd5 Qxd5 23. Bxc3 Rc8 24. Rxb2 Rg4 25. Qd2 Qxd2 26. Bxd2 Rb8 27.
Rxb8+ Nxb8 28. Ne5 Re4 29. Rc3 Rd4 30. Rc8+ Rd8 31. Rxd8+ Kxd8 32. Nxf7+ Kc8
33. Nxh6 a5 34. g4 Nd7 35. g5 Bb4 36. Bc1 Ne5 37. f4 Ng6 38. Kg2 a4 39. Kf3 a3
40. Ng4 a2 41. Bb2 Bd6 42. Ne5 Bxe5 43. fxe5 Kd7 44. Ke4 Ke8 45. Kd4 Kf7 46.
Kc4 Nh4 47. Kb3 Nf3 48. Kxa2 Nxg5 49. Kb3 Nf3 50. Kc4 Nh4 51. Kd4 Ng6 52. Ke4
Nh8 53. Kf4 Ng6+ 54. Kg5 Nh8 1/2-1/2

[Event "FRA Team Ch"]
[Site "Mulhouse"]
[Date "2001.03.30"]
[Round "5.6"]
[White "Vallin, Guillaume"]
[Black "Blot, Jerome"]
[Result "1-0"]
[WhiteElo "2396"]
[BlackElo "2324"]
[Annotator "Gonfreville - Bischwiller"]
[PlyCount "63"]
[EventDate "2001.03.??"]

1. d4 Nf6 2. Nf3 g6 3. g3 Bg7 4. b3 d5 5. Bb2 Ne4 6. Bg2 O-O 7. O-O Bf5 8. Ne5
Nd7 9. f3 Nd6 10. Nd2 Nxe5 11. dxe5 Be6 12. Qe1 c6 13. Qf2 Qa5 14. Rfd1 Nb5 15.
Qc5 b6 16. Qxe7 Rae8 17. Qh4 d4 18. Ne4 Bxe5 19. Nf6+ Bxf6 20. Qxf6 Bd7 21.
Bxd4 Nxd4 22. Qxd4 Bc8 23. e4 Qe5 24. Qxe5 Rxe5 25. f4 Rc5 26. c4 b5 27. cxb5
cxb5 28. Rac1 Rxc1 29. Rxc1 Rd8 30. Kf2 Be6 31. Ke2 Kg7 32. Ke3 1-0

[Event "FRA Team Ch"]
[Site "Mulhouse"]
[Date "2001.03.30"]
[Round "5.7"]
[White "Peter, Sebastien"]
[Black "Gouret, Thierry"]
[Result "1-0"]
[WhiteElo "2194"]
[BlackElo "2322"]
[Annotator "Bischwiller - Gonfreville"]
[PlyCount "83"]
[EventDate "2001.03.??"]

1. e4 c5 2. Nf3 d6 3. d4 cxd4 4. Nxd4 Nf6 5. Nc3 a6 6. Bc4 e6 7. Bb3 Nbd7 8. f4
Nc5 9. e5 dxe5 10. fxe5 Nfd7 11. Bf4 b5 12. Qe2 Bb7 13. O-O-O b4 14. Na4 Nxb3+
15. axb3 g6 16. Nf3 Qc7 17. Ng5 Bg7 18. Qd2 Rc8 19. Nxf7 O-O 20. Nd6 Rxf4 21.
Nxc8 Bh6 22. Kb1 Bxc8 23. g3 Rh4 24. Qf2 Rh5 25. Rhf1 Rf5 26. Qd4 Bf8 27. Rxf5
gxf5 28. g4 Qxe5 29. Qc4 Nf6 30. Qxc8 Nd5 31. gxf5 Qxf5 32. Rg1+ Kf7 33. Qxa6
Nf4 34. Qb7+ Be7 35. Qc8 Ng6 36. Qc4 Qe5 37. Rf1+ Kg7 38. c3 bxc3 39. Qxc3 Bf6
40. Qxe5 Bxe5 41. Nc5 Nf8 42. Rxf8 1-0

[Event "FRA Team Ch"]
[Site "Mulhouse"]
[Date "2001.03.30"]
[Round "5.8"]
[White "Lefebvre, Herve"]
[Black "Grill, Marc"]
[Result "1-0"]
[WhiteElo "2173"]
[BlackElo "2162"]
[Annotator "Gonfreville - Bischwiller"]
[PlyCount "61"]
[EventDate "2001.03.??"]

1. d4 Nf6 2. c4 e6 3. Nc3 d5 4. cxd5 exd5 5. Bg5 Be7 6. Qc2 O-O 7. e3 c6 8. Bd3
Nbd7 9. Nge2 Re8 10. O-O Nf8 11. f3 Nh5 12. Bxe7 Rxe7 13. e4 dxe4 14. fxe4 Bg4
15. e5 c5 16. dxc5 Rxe5 17. b4 a5 18. Rab1 Qe7 19. a3 Re8 20. Rf2 Qg5 21. Ne4
Qe3 22. Nd6 R8e7 23. Nc4 Qg5 24. Nxe5 Rxe5 25. Qc1 Qd8 26. Bc4 Ne6 27. Qc3 Qg5
28. Bxe6 Bxe6 29. Rd1 Bd5 30. Qd4 Nf6 31. h4 1-0

[Event "FRA Team Ch"]
[Site "Mulhouse"]
[Date "2001.03.30"]
[Round "5.9"]
[White "Leclair, Marie"]
[Black "Gervais, Claire"]
[Result "0-1"]
[WhiteElo "2032"]
[BlackElo "2170"]
[Annotator "Bischwiller - Gonfreville"]
[PlyCount "80"]
[EventDate "2001.03.??"]

1. e4 e6 2. d4 d5 3. Nd2 Nf6 4. e5 Nfd7 5. c3 c5 6. f4 Nc6 7. Ndf3 Qa5 8. Kf2
Qb6 9. g3 Be7 10. Bh3 Nf8 11. Ne2 Bd7 12. Kg2 Rc8 13. Rf1 g6 14. Ng5 cxd4 15.
cxd4 Nb4 16. Nc3 Bb5 17. Rf2 Ba6 18. a3 Nd3 19. Qa4+ Qc6 20. Qxc6+ Rxc6 21. Rd2
Nd7 22. Kg1 Nb6 23. Bf1 Nxc1 24. Rxc1 Bxf1 25. Kxf1 O-O 26. Rdd1 Nc4 27. Ke2
Nxb2 28. Rd2 Bxa3 29. Rcc2 Rfc8 30. Rxb2 Bxb2 31. Rxb2 Rxc3 32. Rxb7 R3c7 33.
Rxc7 Rxc7 34. Nf3 a5 35. Nd2 a4 36. Nb1 Rb7 37. Nc3 a3 38. Kd1 Rb2 39. Kc1 Rxh2
40. Kb1 Rg2 0-1

[Event "FRA Team Ch"]
[Site "Mulhouse"]
[Date "2001.03.30"]
[Round "5.3"]
[White "Turner, Matthew"]
[Black "Magem Badals, Jordi"]
[Result "1/2-1/2"]
[WhiteElo "2498"]
[BlackElo "2628"]
[Annotator "Nancy - Clichy"]
[PlyCount "39"]
[EventDate "2001.03.??"]

1. d4 d5 2. Bg5 c6 3. Nf3 Qb6 4. Qc1 Bf5 5. e3 e6 6. Be2 Be7 7. Bf4 Nf6 8. c4
Nbd7 9. c5 Qd8 10. h3 O-O 11. O-O Re8 12. Nc3 Ne4 13. b4 Bf6 14. Bh2 e5 15. Rd1
Bg6 16. Qb2 Nxc3 17. Qxc3 exd4 18. Nxd4 Nf8 19. Rac1 Ne6 20. Nxe6 1/2-1/2

[Event "FRA Team Ch"]
[Site "Mulhouse"]
[Date "2001.03.30"]
[Round "5.4"]
[White "Nataf, Igor-Alexandre"]
[Black "Arkell, Keith C"]
[Result "1-0"]
[WhiteElo "2552"]
[BlackElo "2442"]
[Annotator "Clichy - Nancy"]
[PlyCount "31"]
[EventDate "2001.03.??"]

1. e4 e6 2. d4 d5 3. Nc3 dxe4 4. Nxe4 Bd7 5. Nf3 Bc6 6. Bd3 Nd7 7. O-O Ngf6 8.
Ned2 g6 9. Nc4 Bb5 10. Re1 Bg7 11. Na5 Bxd3 12. Qxd3 b6 13. Nc6 Qc8 14. Qa3 Bf8
15. Qb3 Bg7 16. Ng5 1-0

[Event "FRA Team Ch"]
[Site "Mulhouse"]
[Date "2001.03.30"]
[Round "5.5"]
[White "Philippe, Christophe"]
[Black "Apicella, Manuel"]
[Result "0-1"]
[WhiteElo "2356"]
[BlackElo "2518"]
[Annotator "Nancy - Clichy"]
[PlyCount "94"]
[EventDate "2001.03.??"]

1. e4 c5 2. Nf3 Nc6 3. Bb5 g6 4. O-O Bg7 5. Re1 Qb6 6. Bxc6 Qxc6 7. Nc3 d6 8.
d4 Bg4 9. d5 Qc7 10. h3 Bxf3 11. Qxf3 Nf6 12. e5 dxe5 13. d6 Qxd6 14. Qxb7 O-O
15. Nb5 Qd7 16. Qxd7 Nxd7 17. Rd1 Nb6 18. Be3 Rfc8 19. a4 e4 20. a5 Nc4 21. Rd7
Nxe3 22. fxe3 a6 23. Na7 Rcb8 24. Nc6 Rxb2 25. Nxe7+ Kh8 26. Rf1 Rf8 27. c4 Be5
28. Nc6 Bg3 29. Nd8 f5 30. Ne6 Rfb8 31. Nxc5 Rc2 32. Ne6 Rxc4 33. Rfd1 h5 34.
Ng5 Rc2 35. Kh1 Rcb2 36. Kg1 Rb1 37. Kf1 Rxd1+ 38. Rxd1 Rb2 39. Ne6 Rf2+ 40.
Kg1 Re2 41. Nf4 Rxe3 42. Nxg6+ Kh7 43. Ne7 f4 44. Nd5 Re2 45. Nc3 f3 46. Kf1
Rf2+ 47. Kg1 Rxg2+ 0-1

[Event "FRA Team Ch"]
[Site "Mulhouse"]
[Date "2001.03.30"]
[Round "5.6"]
[White "Conquest, Stuart"]
[Black "Nezar, Mustapha"]
[Result "1/2-1/2"]
[WhiteElo "2546"]
[BlackElo "2292"]
[Annotator "Clichy - Nancy"]
[PlyCount "90"]
[EventDate "2001.03.??"]

1. e4 c5 2. Nf3 d6 3. d4 cxd4 4. Nxd4 Nf6 5. Nc3 Nc6 6. Bg5 e6 7. Qd2 Be7 8.
O-O-O O-O 9. Nb3 Qb6 10. f3 a6 11. g4 Rd8 12. Be3 Qc7 13. g5 Nd7 14. h4 b5 15.
Qg2 Nce5 16. h5 b4 17. Nb1 Bb7 18. g6 Bf8 19. gxf7+ Nxf7 20. N1d2 Re8 21. Kb1
a5 22. Nd4 Kh8 23. Qh3 Nc5 24. Bb5 Re7 25. Rhg1 Rc8 26. Qh4 d5 27. Rc1 h6 28.
N4b3 Nd7 29. c3 Qd8 30. cxb4 Rxc1+ 31. Rxc1 axb4 32. Nc5 Nxc5 33. Bxc5 Nd6 34.
Ba4 dxe4 35. fxe4 Rd7 36. Qg4 Rc7 37. Qxe6 Rxc5 38. Rxc5 Nxe4 39. Nxe4 Bxe4+
40. Qxe4 Bxc5 41. Bc2 Qg8 42. Bd3 Bd6 43. Kc2 Bc5 44. Qf5 Bd6 45. Kd2 Bc5
1/2-1/2

[Event "FRA Team Ch"]
[Site "Mulhouse"]
[Date "2001.03.30"]
[Round "5.7"]
[White "Adrian, Claude"]
[Black "Hebden, Mark"]
[Result "1/2-1/2"]
[WhiteElo "2381"]
[BlackElo "2522"]
[Annotator "Nancy - Clichy"]
[PlyCount "97"]
[EventDate "2001.03.??"]

1. Nf3 Nf6 2. c4 g6 3. g3 Bg7 4. d4 O-O 5. Bg2 d6 6. O-O Nc6 7. Nc3 Rb8 8. d5
Na5 9. Nd2 Nd7 10. Qc2 Ne5 11. b3 c6 12. Bb2 b5 13. cxb5 cxb5 14. h3 b4 15.
Nce4 Qb6 16. Kh2 Bf5 17. f4 Rfc8 18. Qb1 Nd7 19. Bxg7 Kxg7 20. Qb2+ Kg8 21. g4
Bxe4 22. Nxe4 Nb7 23. g5 Qe3 24. Rad1 Nbc5 25. Ng3 Qc3 26. Qb1 a5 27. Rf3 Qg7
28. h4 f5 29. Bh3 Rf8 30. h5 a4 31. h6 Qh8 32. e4 fxe4 33. Nxe4 a3 34. Rd2 Ne5
35. Rff2 Ned7 36. Qe1 Rbe8 37. Nxc5 Nxc5 38. Be6+ Nxe6 39. Qxe6+ Rf7 40. f5
Qe5+ 41. Qxe5 dxe5 42. fxg6 hxg6 43. Rxf7 Kxf7 44. Re2 Rc8 45. Rxe5 Rc2+ 46.
Kg3 Rc3+ 47. Kf2 Rd3 48. Ke2 Rxb3 49. axb3 1/2-1/2

[Event "FRA Team Ch"]
[Site "Mulhouse"]
[Date "2001.03.30"]
[Round "5.8"]
[White "Renet, Olivier"]
[Black "Spielmann, Alain"]
[Result "1/2-1/2"]
[WhiteElo "2494"]
[BlackElo "2294"]
[Annotator "Clichy - Nancy"]
[PlyCount "103"]
[EventDate "2001.03.??"]

1. d4 Nf6 2. c4 c5 3. e3 cxd4 4. exd4 d5 5. Nc3 e6 6. Nf3 Bb4 7. cxd5 Nxd5 8.
Qc2 Nc6 9. Be2 O-O 10. O-O Be7 11. Rd1 Bf6 12. Qe4 Nce7 13. h4 Bd7 14. Bd3 Nf5
15. Ne5 Nxc3 16. bxc3 Bxe5 17. dxe5 Bc6 18. Qg4 Qa5 19. Bxf5 exf5 20. Qg3 Rfe8
21. Bf4 Rac8 22. h5 Re6 23. Rd6 Rce8 24. Rad1 Qxa2 25. Rxe6 Qxe6 26. Rd6 Qe7
27. h6 g6 28. Qe3 Qxd6 29. exd6 Rxe3 30. Bxe3 a5 31. f4 Kf8 32. Kf2 Ke8 33. Bb6
a4 34. Bc5 Kd7 35. g3 Ke6 36. c4 b5 37. Ke3 bxc4 38. Kd4 Bb5 39. d7 Bxd7 40.
Kxc4 f6 41. Ba3 Bc6 42. Bc1 Be4 43. Kc5 Bc2 44. Kc4 Bb3+ 45. Kd4 Kd6 46. Ba3+
Kc6 47. Be7 Bf7 48. Bxf6 a3 49. Kc3 a2 50. Kb2 Bc4 51. Ka1 Kd5 52. Kb2 1/2-1/2